Catatan Nostalgia

Bibliographic Details
Format: Book
Published: Kuala Lumpur : DBP , 1993
Series:Cerpen remaja
Subjects:

MARC

LEADER 00000cam a2200000 7i4500
001 0000007671
002 000008241
005 20091007.0
020 |a 983623540X 
090 0 0 |a F   |b CAT 
245 0 0 |a Catatan Nostalgia 
260 |a Kuala Lumpur :   |b DBP ,   |c 1993 
300 |a 217p. ;   |c 18cm. 
490 0 |a Cerpen remaja 
650 0 0 |a Short stories, Malay 
999 |a 055246   |b BUKU   |c FICTION   |e PERPUSTAKAAN KOMUNITI CAW KOTA DAMANSARA